| 000 | 00389cam a2200157ua 4500 | ||
|---|---|---|---|
| 041 |
_aeng _h |
||
| 082 |
_a530.124 _bMOT/EL |
||
| 100 | _aMott, N F . | ||
| 245 |
_aElements of wave mechanics / _cN F Mott. _hTextual Documents |
||
| 250 |
_a1 / _b. |
||
| 260 |
_aCambridge : _bCambridge University Press , _c1962. |
||
| 300 | _a154 ; . | ||
| 504 | _a | ||
| 942 | _cBK | ||
| 999 |
_c8580 _d8580 |
||